U Bahn Hamburg im Jahr 3000 - Statistiken

Allgemein
  • Dieses Quiz wurde 16 mal gespielt
  • Das Durchschnittsergebnis liegt bei 80 aus 366
Antwortstatistiken
Hint Antwort % Korrekt
U1 | U10 | U11 | +10 others -
100%
S Niendorf Markt
43%
Niendorf Nord
43%
S Barmbek
36%
Borgweg
36%
Fuhlsbüttel
36%
Garstedt
36%
Großhansdorf
36%
Hoisbüttel
36%
Kellinghusenstraße
36%
Kiwittsmoor
36%
Klein Borstel
36%
S Landungsbrücken
36%
Langenhorn Markt
36%
Langenhorn Nord
36%
Lattenkamp
36%
Norderstedt Mitte
36%
Ochsenzoll
36%
S Ohlsdorf
36%
S Ohlstedt
36%
Richtweg
36%
Rödingsmarkt
36%
Sengelmannstraße
36%
Steilshoop
36%
Wandsbek-Gartenstadt
36%
Ahrensburg Ost
29%
S Ahrensburg West
29%
Alsterdorf
29%
Alter Teichweg
29%
S,R Altona
29%
Baumwall
29%
Berne
29%
Billstedt
29%
Buchenkamp
29%
Buckhorn
29%
S,R Dammtor
29%
Dehnhaide
29%
S,R Elbbrücken
29%
Farmsen
29%
Hallerstraße
29%
Hamburger Straße
29%
S,R Hauptbahnhof Nord
29%
S,R Hauptbahnhof Süd
29%
Horn
29%
Horner Geest
29%
S Jungfernstieg
29%
Kiekut
29%
Klosterstern
29%
Lohmühlenstraße
29%
Lutterothstraße
29%
Meiendorf
29%
Meiendorfer Weg
29%
Meßberg
29%
Mönckebergstraße
29%
Mümmelmannsberg
29%
Oldenfelde
29%
Osterstraße
29%
S Rathaus
29%
Ritterstraße
29%
Saarlandstraße
29%
Schmalenbeck
29%
Sierichstraße
29%
Steinstraße
29%
S Stellingen
29%
Stephansplatz
29%
St Pauli
29%
Straßburger Straße
29%
Trabrennbahn
29%
S Veddel
29%
Volksdorf
29%
S Wandsbeker Chaussee
29%
Wandsbek Markt
29%
Wartenau
29%
Arenen Volkspark
21%
Beethovenstraße
21%
S,R Bergedorf
21%
S,R Berliner Tor
21%
Bramfeld
21%
Burgstraße
21%
Christuskirche
21%
Duvenstedt
21%
Emilienstraße
21%
Eppendorf
21%
Eppendorfer Baum
21%
Feldstraße
21%
Friedrichsgabe
21%
Gänsemarkt
21%
Gärtnerstraße
21%
Grindelberg
21%
Habichtstraße
21%
HafenCity Universität
21%
Hagenbecks Tierpark
21%
Hagendeel
21%
Hammer Kirche
21%
Hoheluftbrücke
21%
Horner Rennbahn
21%
Jarrestraße
21%
Jenfeld
21%
Joachim-Mähl-Straße
21%
Legienstraße
21%
Lübecker Straße
21%
Merkenstraße
21%
Messehallen
21%
Mundsburg
21%
S Rahlstedt
21%
Rauhes Haus
21%
S Rothenburgsort
21%
Schippelsweg
21%
Schlump
21%
Siemersplatz
21%
Steinfurther Allee
21%
S,R Sternschanze
21%
St Georg
21%
Überseequartier
21%
Uhlandstraße
21%
Uhlenhorst
21%
UKE
21%
S Ulzburg Süd
21%
Universität
21%
Winterhude
21%
S Allermöhe
14%
Barmbek Nord
14%
Billbrook
14%
Boberg
14%
S Burgwedel
14%
City Nord
14%
S Finkenwerder
14%
Fischmarkt
14%
Fruchtallee
14%
Fuhlsbütteler Straße
14%
Hamburg Airport
14%
Harvestehude
14%
Haslohfurth
14%
S,R Hasselbrook
14%
Hoheluft-West
14%
Hummelsbüttel
14%
Lohbrügge
14%
Meeschensee
14%
Moldauhafen
14%
Moorbekhalle
14%
Nienstedten
14%
Oststeinbek
14%
S Poppenbüttel
14%
Quickborner Straße
14%
Sasel
14%
Sportplatzring
14%
S Stadthausbrücke
14%
S Trabrennbahn Bahrenfeld
14%
Waltershof
14%
Wilhelmsburg
14%
Airbus
7%
Alte Landstraße
7%
Altona-Altstadt
7%
Altonaer Poststraße
7%
Am Hehsel
7%
Am Stühm-Süd
7%
Barsbüttel
7%
Biedermannplatz
7%
Billebogen
7%
Bornkampsweg
7%
Bostelbek
7%
Böttgerstraße
7%
Brillkamp
7%
Brucknerstraße
7%
Bubendeyufer
7%
Curslack
7%
S,R Diebsteich
7%
Elbchaussee
7%
Elbinselquartier
7%
Eurogate
7%
Fünfhausen
7%
Gerichtstraße
7%
Glinde
7%
Grasbrook
7%
Groß Borstel
7%
Havighorst
7%
Hinschenberg
7%
S Hochkamp
7%
Hovestieg
7%
Isestraße
7%
Kaltehofe
7%
Karlshöhe
7%
Kehrenskamp
7%
Kennedybrücke
7%
Kirchdorf
7%
Köhlbrandbrücke
7%
Kraftwerk
7%
Kritenbarg
7%
Krohnstiegtunnel
7%
Marienthal
7%
Max-Brauer-Allee
7%
Mittelweg
7%
S,R Neugraben
7%
S Neuwiedenthal
7%
Ochsenwerder
7%
Öjendorf
7%
Peutestraße
7%
Pommernweg
7%
Ratzestraße
7%
Reiherstieg
7%
Ringstraße
7%
Rittmerskamp
7%
Rungedamm
7%
Schurzallee
7%
Sievekingsallee
7%
Stenzelring
7%
Sternbergweg
7%
Sternbrücke
7%
Stoltenstraße
7%
Tangstedt
7%
Tatenberg
7%
Teichwiesen
7%
Thomas-Mann-Straße
7%
S Tiefstack
7%
Vielohweg
7%
Vierländer Damm
7%
Wasserwerk
7%
Wentorf
7%
Wulksfelde
7%
Zollamt
7%
Zollenspieker
7%
258
0%
Alsterblick
0%
Alsterpark
0%
Ambergstraße
0%
Bahrenhöfe
0%
Bauerberg
0%
Berner Heerweg
0%
Bienenkamp
0%
S,R Diensteich
0%
Eggerskamp
0%
Entenfleet
0%
Flughafenstraße
0%
Gluckstraße
0%
Grashofweg
0%
Grenzdamm
0%
Großmannstraße
0%
Harburger Chaussee
0%
Hoisdorf
0%
Holsteiner Tor
0%
Howe
0%
Kampgraben
0%
Krögerstraße
0%
Lohbrügge Süd
0%
Lütjenburg
0%
Marienthaler Straße
0%
Mellenbergweg
0%
S Moorburg
0%
Norderelbe
0%
Nordmeerstraße
0%
Postweg
0%
Quellental
0%
Rodigallee
0%
Ruhrstraße Nord
0%
Schnelsen Markt
0%
Stübenplatz
0%
Süderstraße
0%
Westerweiden
0%
Wiesenweg
0%
Keine übereinstimmenden Quizze gefunden
Verteilung der Resultate
Anzahl Personen mit jedem Resultat
Perzentil nach korrekt beantworteten Fragen
Ihre Resultats-Entwicklung
Sie haben dieses Quiz noch nicht gespielt